| 000 | 02318pam a2200637 cc4500 | ||
|---|---|---|---|
| 001 | 1130272435 | ||
| 003 | DE-101 | ||
| 005 | 20260217140419.0 | ||
| 007 | tu | ||
| 008 | 170419s2017 gw ||||| |||| 00||||ger | ||
| 015 |
_a18,A03 _z17,N17 _2dnb |
||
| 016 | 7 |
_2DE-101 _a1130272435 |
|
| 020 |
_a9783551799401 _cBroschur : EUR 6.95 (DE), EUR 7.20 (AT), CHF 10.50 (freier Preis) |
||
| 020 | _a3551799407 | ||
| 024 | 3 | _a9783551799401 | |
| 035 | _a(DE-599)DNB1130272435 | ||
| 035 | _a(OCoLC)984754430 | ||
| 040 |
_a1245 _bger _cDE-101 _d1240 _erda |
||
| 041 |
_ager _hjpn |
||
| 044 | _cXA-DE | ||
| 082 | 7 | 4 |
_a741.5 _qDE-101 _223sdnb |
| 100 | 1 |
_0(DE-588)1063396298 _0https://d-nb.info/gnd/1063396298 _0(DE-101)1063396298 _aIsayama, Hajime _d1986- _eVerfasser _4aut _2gnd |
|
| 245 | 1 | 0 |
_aAttack on Titan _n20 _cHajime Isayama ; aus dem Japanischen von Claudia Peter |
| 250 | _a1. Aufl. | ||
| 264 | 3 | 1 |
_aHamburg _bCarlsen Manga! _c2017 |
| 300 | _acirca 192 Seiten | ||
| 336 |
_aText _btxt _2rdacontent |
||
| 336 |
_aunbewegtes Bild _bsti _2rdacontent |
||
| 337 |
_aohne Hilfsmittel zu benutzen _bn _2rdamedia |
||
| 338 |
_aBand _bnc _2rdacarrier |
||
| 653 | _a(Produktform)Paperback / softback | ||
| 653 | _a(Zielgruppe)ab 16 bis 99 Jahre | ||
| 653 | _a(BISAC Subject Heading)CGN004050 | ||
| 653 | _aAttack on Titan | ||
| 653 | _ashingeki no kyojin | ||
| 653 | _aJapanische Leserichtung | ||
| 653 | _aHajime Isayama | ||
| 653 | _aManga | ||
| 653 | _aBestseller | ||
| 653 | _aBestseller Manga | ||
| 653 | _aerfolgreicher Manga | ||
| 653 | _aEren | ||
| 653 | _aMikasa | ||
| 653 | _aArmin | ||
| 653 | _aAnnie | ||
| 653 | _aLevi | ||
| 653 | _aRiesen | ||
| 653 | _a(BISAC Subject Heading)CGN004050: COMICS & GRAPHIC NOVELS / Manga / General | ||
| 653 | _a(VLB-WN)1182: Hardcover, Softcover / Belletristik/Comic, Cartoon, Humor, Satire/Manga, Manhwa | ||
| 655 | 7 |
_0(DE-588)4010427-8 _0https://d-nb.info/gnd/4010427-8 _0(DE-101)040104273 _aComic _2gnd-content |
|
| 773 | 0 | 8 |
_q220 _w(DE-101)1049428676 |
| 856 | 4 | 2 |
_mX:MVB _qtext/html _uhttp://deposit.dnb.de/cgi-bin/dokserv?id=9bcd59d3f7ae4c4c8b9b137a0a12485b&prov=M&dok_var=1&dok_ext=htm _3Inhaltstext |
| 856 | 4 | 2 |
_mB:DE-101 _qapplication/pdf _uhttps://d-nb.info/1130272435/04 _3Inhaltsverzeichnis |
| 942 |
_2ddc _cMGA _n0 |
||
| 999 |
_c1525 _d1525 |
||